| 000 | 00360nam a22001577a 4500 | ||
|---|---|---|---|
| 005 | 20180412145854.0 | ||
| 008 | 160511b xxu||||| |||| 00| 0 eng d | ||
| 041 | _aeng | ||
| 082 |
_b1326 _a348 |
||
| 100 |
_aShukla T N _94271 |
||
| 245 | _aWorkmens compensation act 1923 | ||
| 260 |
_bBooks X _c2009 |
||
| 300 | _a99 | ||
| 650 |
_aManagement _9241 |
||
| 942 | _cBK | ||
| 999 |
_c589 _d589 |
||